Most Popular Balkan Dishes - Statistics

General Stats
  • This quiz has been taken 17 times
  • The average score is 3 of 12
Answer Stats
Picture Answer % Correct
Gulaš
57%
Ajvar
43%
Sarma
43%
Ćevapčići
29%
Šopska Salata
21%
Gibanica
14%
Peka
14%
Pljeskavica
14%
Potica
14%
Zeljanica
7%
Pastrmajlija
0%
Tavë Kosi
0%
No matching quizzes found
Score Distribution
Percent of People with Each Score
Percentile by Number Answered
Your Score History
You have not taken this quiz